| 000 | 00802cam a22002297a 4500 | ||
|---|---|---|---|
| 020 | _a9780670067350 | ||
| 040 | _cNLC | ||
| 082 | 0 | 4 | _a940 VIK 2008 A114 Or. |
| 100 | 1 | _aCook, Tim, | |
| 245 | 1 | 0 |
_aShock troops : _bCanadians fighting the Great War, 1917-1918 / |
| 246 | 3 | 3 | _aAt the sharp end, Canadians fighting the Great War, 1914-1916 |
| 260 |
_aToronto : _bViking Canada, _c2008. |
||
| 300 |
_aviii, 727 p. : _bill., maps, ports. ; _c24 cm. |
||
| 500 | _a"Volume Two". | ||
| 500 | _aContinues: At the sharp end : Canadians fighting the Great War, 1914-1916. | ||
| 650 | 0 | _aWorld War, 1914-1918 | |
| 650 | 0 | _aWorld War, 1914-1918 | |
| 650 | 6 | _aGuerre mondiale, 1914-1918 | |
| 650 | 6 | _aGuerre mondiale, 1914-1918 | |
| 856 | 4 | 2 | _uhttp://www.h-net.org/reviews/showrev.php?id=24290 |
| 942 | _cEK | ||
| 999 |
_c16726 _d16726 |
||